000 00619nam a2200205Ia 4500
003 GCL
008 140319s9999 xx 000 0 ara d
040 _aGCL /
_cGCL
082 0 4 _aم
_b791.4303
_bا م
100 1 _aمجدى وهبة
245 1 0 _aمعجم الفن السينمائى /
_cمجدى وهبة
700 1 _aاحمد كامل مرسى
650 0 4 _aالتمثيل فى السينما
650 0 4 _aالسينما - مصر
650 0 4 _aالسينما - معاجم
650 0 4 _aالسينما - تصوير
650 0 4 _aالصور المتحركة
650 0 4 _aالخيالة
942 _2ddc
_cREF
999 _c59697
_d59697